| 000 | 00817nam a2200289 a 4500 | ||
|---|---|---|---|
| 003 | AR-BaBNM | ||
| 005 | 20251128203243.0 | ||
| 008 | 082120s2002 ||||||||||||||000 | spa|| | ||
| 040 | _cAR-BaBNM | ||
| 100 | 1 | _aDarío, Rubén | |
| 245 | 0 | 0 |
_aProsa y verso de Darío _bantología |
| 260 |
_aBuenos Aires _bStudium _c1955 |
||
| 300 | _a179 p. | ||
| 500 | _aContiene índice de fuentes en p. 180 | ||
| 500 | _aIndice general en p. 185-187 | ||
| 504 | _aBibliografía sobre Ruben Darío en p. 182-184 | ||
| 650 | 4 | _aSIGLO DIECINUEVE | |
| 650 | 4 | _aPOESIA | |
| 650 | 4 | _aVIDA LITERARIA | |
| 650 | 4 | _aCONDICIONES CULTURALES | |
| 653 | _aMODERNISMO | ||
| 653 | _aLITERATURA NICARAGÜENSE | ||
| 655 | _aLITERATURA | ||
| 700 | 1 |
_aVidal de Vigliani, Elvira Cortizo _ecompilador |
|
| 942 | _cBK | ||
| 998 | _claura | ||
| 999 |
_c2584 _d2584 |
||